A quoi correspondent ces chiffres ? - Statistiques

Statistiques générales
  • Ce quiz a été pris 142 fois
    21 depuis la dernière actualisation
  • Le résultat moyen est 7 sur 10
Statistiques - réponses
Chiffres Indices Réponse % Correct
332 millions Nombre d'habitants d'un certain pays, lequel ? Etats-Unis
95%
3.14159265359 Aussi appelé constante d'Archimède c'est le nombre ... pi
95%
1492 Date de la découverte des ... Amériques
89%
11 Nombre de jour ou l'on ne travaille généralement pas en France, on dit que ce sont des jours ... Fériés
84%
27 Pour faire partie du club des 27 il faut ... à 27 ans mourir
84%
2,3 millions Nombre de licenciés d'un sport en France, lequel ? Football
79%
911 Il désigne ... aux Etats-Unis La Police /Les secours
74%
-273,15 On nomme ce chiffre comme le ... Zéro absolu
58%
1115 La France en a remporté le plus Batailles
47%
2,5 milliards C'est le nombre d'utilisateur de ... en 2024 You Tube
21%
Aucun quiz correspondant
Distribution des résultats
% des personnes avec chaque résultat
Percentile par nombre de réponses
Votre historique - résultats
Vous n’avez pas pris ce quiz depuis la dernière actualisation